000 00689nam a22002417a 4500
003 UA-OsUOA
001 122494
007 ta
008 20170504b un ||||| |||| 00| 0 ukr d
100 _aІваненко Л.
090 _a330.46:007
_bІ-99
942 _cBK
040 _aUA-OsUOA
_bukr
_cUA-OsUOA
_dUA-OsUOA
245 _aКібернетичний фітотрон
_bпосібник для кмітливих і допитливих
300 _a256 с.
955 _a1
041 _aukr
080 _a330.46:007
020 _a978-617-587-080-8
260 _aК.
_bПрава людини
_c2012
650 7 _a330 Економіка взагалі
_2UDC
999 _c408940
_d408940